000 01825nam a22003017a 4500
003 dpl
005 20080911114410.0
008 080911t xxu||||| |||| 00| 0 eng d
010 _aDVD-000472-474
024 _2A3280
_c499.00
035 _aDVD-000472-474
040 _aDPL
_cDPL
082 _aDVD / SHAG
245 _aShaggy Dog :
_cWalt Disney Pictures Presents
_h[videorecording] (DVD)/
_bTim Allen is Man's Best Friend
260 _aBurbank, CA
_bWalt Disney Home Entertainment
300 _a1 videodiscs (98 min.):
_bsd., col.;
_c4 3/4 in.
_fDVD
440 _aWalt Disney Home Entertainment
500 _aSole Distributor in India M/s Excel Productions Audio Visuals Pvt. Ltd.
500 _aBonus Features: Deleted Scenes, Woof There It is Music Video, Bark Along Music Video, Bloopers
538 _aDolby Digital 5.1-English,Spanish, Portguese, Thai, Subtitles-English, Thai, Indonesion, Chienese, Malay, Korean, Spanish, Pourtguese
538 _aAspect Ratio:1.85.1, Presentation Type: Wide Screne, Presentation Size 16x9, Formaton: DVD 9- Dual Layer Single sided Disc,
650 _2Motion Picture
942 _2ddc
_cCF
_hDVD
_mSHAG
999 _c15626
_d15626